[Event "German Bundesliga 2023-24"]
[Site "Germany"]
[Date "2024.04.27"]
[Round "14.1"]
[White "Ivic, Velimir"]
[Black "Duda, Jan-Krzysztof"]
[Result "1/2-1/2"]
[WhiteElo "2562"]
[BlackElo "2726"]
[Annotator "TA"]
[PlyCount "142"]
[EventDate "2023.10.20"]
[EventType "team-tourn"]
[EventCountry "GER"]
[SourceTitle "playchess.com"]
[Source "ChessBase"]
[SourceQuality "1"]

1. e4 e5 2. Nf3 Nc6 3. Bb5 Nf6 4. d3 Bc5 5. Nbd2 Nd4 6. Nxd4 Bxd4 7. c3 Bb6 8. d4 c6 9. dxe5 cxb5 10. exf6 Qxf6 11. Nf3 O-O 12. e5 Qg6 13. O-O d6 14. exd6 Bh3 15. Nh4 Qf6 16. gxh3 Qxh4 17. Qf3 Rae8 18. Bf4 Qf6 19. Kg2 g5 20. Be3 Qxf3+ 21. Kxf3 Bxe3 22. fxe3 Re6 23. Rad1 Rd8 24. Rg1 h6 25. h4 f6 26. hxg5 hxg5 27. h4 Rdxd6 28. Rd4 Kf7 29. hxg5 fxg5 30. Rxg5 a6 31. e4 Rh6 32. Rxd6 Rxd6 33. Rd5 Rb6 34. Rd7+ Ke8 35. Rh7 Kd8 36. e5 b4 37. c4 b3 38. a3 a5 39. Ke4 Rg6 40. Rxb7 a4 41. Ra7 Rg2 42. Rxa4 Rxb2 43. Rb4 Rb1 44. Kd5 Kd7 45. a4 b2 46. Kc5 Kc7 47. Kb5 Re1 48. Rxb2 Rxe5+ 49. c5 Re8 50. Rh2 Rb8+ 51. Kc4 Rb1 52. Rh7+ Kc6 53. Rh6+ Kb7 54. a5 Rc1+ 55. Kd5 Rd1+ 56. Ke5 Re1+ 57. Kd6 Rd1+ 58. Ke7 Kc7 59. a6 Rd7+ 60. Ke6 Kc6 61. Rh8 Rc7 62. Rh5 Ra7 63. Rd5 Rh7 64. Re5 Ra7 65. Kf5 Kb5 66. Ke4 Rxa6 67. Kd5 Rc6 68. Kd4 Rc8 69. c6+ Kxc6 70. Rc5+ Kb7 71. Rxc8 Kxc8 1/2-1/2

[Event "German Bundesliga 2023-24"]
[Site "Germany"]
[Date "2024.04.27"]
[Round "14.1"]
[White "Livaic, Leon"]
[Black "Pfreundt, Jakob"]
[Result "1-0"]
[WhiteElo "2549"]
[BlackElo "2455"]
[Annotator "TA"]
[PlyCount "121"]
[EventDate "2023.10.20"]
[EventType "team-tourn"]
[EventCountry "GER"]
[SourceTitle "playchess.com"]
[Source "ChessBase"]
[SourceQuality "1"]

1. e4 c6 2. d4 d5 3. Nc3 dxe4 4. Nxe4 Nf6 5. Nxf6+ exf6 6. Be3 Na6 7. a3 Bd6 8. Bd3 O-O 9. Ne2 Re8 10. O-O Nc7 11. c4 f5 12. Qd2 h6 13. Rfe1 Bd7 14. Bf4 Qf6 15. Bc2 Rad8 16. Rad1 Bc8 17. Bxd6 Rxd6 18. Qa5 Na6 19. Ng3 Rxe1+ 20. Rxe1 Qd8 21. Qxd8+ Rxd8 22. Bxf5 Bxf5 23. Nxf5 g6 24. Nxh6+ Kg7 25. Ng4 Rxd4 26. h3 f5 27. Ne5 Nc5 28. b4 Ne4 29. c5 Kf6 30. f4 Nc3 31. g3 Rd2 32. Re3 Ne4 33. Nc4 Rc2 34. Nd6 Nxd6 35. cxd6 Rd2 36. Re7 b5 37. Rxa7 Rxd6 38. Rc7 g5 39. Kf2 gxf4 40. gxf4 Kg6 41. Ke3 Kf6 42. Rh7 Kg6 43. Re7 Kf6 44. Re5 Rd1 45. Rc5 Re1+ 46. Kf3 Re6 47. h4 Kg6 48. h5+ Kxh5 49. Rxf5+ Kg6 50. Rc5 Kf6 51. Kg4 Rd6 52. Rc3 Kg6 53. Re3 Kf7 54. Kf5 Rd5+ 55. Ke4 Rd1 56. Rc3 Rd6 57. f5 Ke7 58. Rd3 Rh6 59. Ke5 Rh5 60. Rg3 Kf7 61. Rg6 1-0

[Event "German Bundesliga 2023-24"]
[Site "Germany"]
[Date "2024.04.27"]
[Round "14.2"]
[White "Mamedyarov, Shakhriyar"]
[Black "McShane, Luke J"]
[Result "1-0"]
[WhiteElo "2734"]
[BlackElo "2618"]
[Annotator "TA"]
[PlyCount "79"]
[EventDate "2023.10.20"]
[EventType "team-tourn"]
[EventCountry "GER"]
[SourceTitle "playchess.com"]
[Source "ChessBase"]
[SourceQuality "1"]

1. d4 Nf6 2. c4 e6 3. Nc3 d5 4. cxd5 exd5 5. Bg5 c6 6. e3 Be7 7. Bd3 Nbd7 8. h3 O-O 9. Qc2 Re8 10. Nf3 Nf8 11. O-O N6d7 12. Bf4 Nb6 13. a4 Be6 14. a5 Nc4 15. a6 b6 16. e4 Ng6 17. Bg3 Rc8 18. Bxc4 dxc4 19. Rfd1 b5 20. d5 cxd5 21. exd5 Bd7 22. d6 Bf6 23. Nd5 Rc5 24. Ra3 Qa8 25. Nc7 Qe4 26. Qd2 Rd8 27. Re3 Qf5 28. Rde1 h6 29. Ne8 Bxe8 30. Rxe8+ Rxe8 31. Rxe8+ Kh7 32. Kh2 Rd5 33. Qe3 Bxb2 34. Qxa7 c3 35. Nd4 Qf6 36. Nc2 Rxd6 37. Bxd6 Qxd6+ 38. g3 Qd2 39. Qxf7 Nh4 40. Qg8+ 1-0

[Event "German Bundesliga 2023-24"]
[Site "Germany"]
[Date "2024.04.27"]
[Round "14.2"]
[White "Teclaf, Pawel"]
[Black "Horvath, Dominik"]
[Result "0-1"]
[WhiteElo "2571"]
[BlackElo "2540"]
[Annotator "RC"]
[PlyCount "70"]
[EventDate "2023.10.20"]
[EventType "team-tourn"]
[EventCountry "GER"]
[SourceTitle "playchess.com"]
[Source "ChessBase"]
[SourceQuality "1"]

1. c4 e6 2. g3 d5 3. Bg2 d4 4. d3 Nc6 5. Nf3 Nge7 6. Qa4 Bd7 7. b4 a6 8. Qb3 Nf5 9. Bd2 h5 10. Na3 h4 11. Nc2 h3 12. Bf1 Be7 13. Ng1 Ne5 14. b5 axb5 15. cxb5 c5 16. a4 c4 17. dxc4 Rc8 18. Bxh3 Nxc4 19. Bb4 e5 20. Bg2 Be6 21. Qb1 d3 22. exd3 Qxd3 23. Ne2 Bxb4+ 24. Nxb4 Qd2+ 25. Kf1 Nce3+ 26. fxe3 Nxe3+ 27. Kf2 Ng4+ 28. Kf1 Qe3 29. Qe1 Rh6 30. Bd5 Rf6+ 31. Nf4 Rxf4+ 32. gxf4 Qxf4+ 33. Kg2 Bxd5+ 34. Nxd5 Rc2+ 35. Kh3 Nf2+ 0-1

[Event "German Bundesliga 2023-24"]
[Site "Germany"]
[Date "2024.04.27"]
[Round "14.2"]
[White "Lammers, Markus"]
[Black "Kraemer, Martin"]
[Result "1-0"]
[WhiteElo "2336"]
[BlackElo "2579"]
[Annotator "TA"]
[PlyCount "103"]
[EventDate "2023.10.20"]
[EventType "team-tourn"]
[EventCountry "GER"]
[SourceTitle "playchess.com"]
[Source "ChessBase"]
[SourceQuality "1"]

1. d4 Nf6 2. Nf3 d5 3. c4 e6 4. e3 Be7 5. Nc3 O-O 6. Bd3 dxc4 7. Bxc4 c5 8. O-O a6 9. Qe2 b5 10. Bb3 Bb7 11. Rd1 Nbd7 12. e4 c4 13. Bc2 b4 14. Nb1 Rc8 15. Nbd2 Qc7 16. e5 Nd5 17. Ne4 Rfd8 18. Nfg5 Nf8 19. Qh5 Bxg5 20. Bxg5 Re8 21. Nd6 Ng6 22. Rac1 c3 23. Be4 f5 24. Bxd5 Bxd5 25. bxc3 bxc3 26. Rd3 Qd7 27. Rh3 Nf8 28. Nxe8 Qxe8 29. Qxe8 Rxe8 30. Rhxc3 h6 31. Bd2 Bxa2 32. Rc8 Rxc8 33. Rxc8 Kf7 34. Rc7+ Kg8 35. Rc8 Kf7 36. Rc6 Bd5 37. Rxa6 Nd7 38. Ra7 Ke8 39. h4 Bc6 40. f3 Bd5 41. Rc7 Kd8 42. Ra7 Ke8 43. h5 Kd8 44. Bb4 Bc6 45. Bd6 Bd5 46. Kf2 Bc6 47. Ke3 Bd5 48. Kf4 Bc6 49. Rc7 Bb5 50. Ke3 Ba4 51. Kd3 Bb5+ 52. Kc2 1-0

[Event "German Bundesliga 2023-24"]
[Site "Germany"]
[Date "2024.04.27"]
[Round "14.3"]
[White "Efimenko, Zahar"]
[Black "Maghsoodloo, Parham"]
[Result "1/2-1/2"]
[WhiteElo "2575"]
[BlackElo "2707"]
[Annotator "TA"]
[PlyCount "119"]
[EventDate "2023.10.20"]
[EventType "team-tourn"]
[EventCountry "GER"]
[SourceTitle "playchess.com"]
[Source "ChessBase"]
[SourceQuality "1"]

1. Nf3 Nf6 2. g3 d5 3. Bg2 e6 4. O-O Be7 5. c4 O-O 6. b3 d4 7. e3 c5 8. exd4 cxd4 9. d3 Nc6 10. Qe2 Nd7 11. Ba3 Re8 12. Bxe7 Qxe7 13. Nbd2 a5 14. Rfe1 Ra6 15. Nh4 g6 16. f4 Nb4 17. Ne4 f5 18. Nf2 Nc6 19. Nf3 a4 20. bxa4 Nc5 21. Rab1 Nxa4 22. Nd1 Rd8 23. Qd2 Qc5 24. Kh1 Qa5 25. Qe2 Nc5 26. Rb5 Qa3 27. Nf2 Bd7 28. h4 b6 29. h5 Qxa2 30. Rb2 Qa3 31. Ne5 Nxe5 32. Qxe5 Na4 33. Ra2 Qc5 34. Qf6 Rf8 35. Qg5 Kg7 36. g4 Qd6 37. Re5 Ra5 38. gxf5 Rxf5 39. h6+ Kg8 40. Qd8+ Rf8 41. Qg5 Rf5 42. Qd8+ Rf8 43. Qg5 Rxf4 44. Rxa5 bxa5 45. Ng4 Qf8 46. Ne5 Nc5 47. Bh3 Bc8 48. Rxa5 Nxd3 49. Nxd3 Rf3 50. Bg2 Rxd3 51. Ra8 Rb3 52. Ra7 Rb1+ 53. Kh2 Qd6+ 54. Qg3 Qxg3+ 55. Kxg3 d3 56. Ra8 d2 57. Rxc8+ Kf7 58. Bf3 Ke7 59. Kf2 d1=Q 60. Kg3 1/2-1/2

[Event "German Bundesliga 2023-24"]
[Site "Germany"]
[Date "2024.04.27"]
[Round "14.3"]
[White "Neugebauer, Martin"]
[Black "von Mettenheim, Johannes"]
[Result "1/2-1/2"]
[WhiteElo "2529"]
[BlackElo "2284"]
[Annotator "TA"]
[PlyCount "78"]
[EventDate "2023.10.20"]
[EventType "team-tourn"]
[EventCountry "GER"]
[SourceTitle "playchess.com"]
[Source "ChessBase"]
[SourceQuality "1"]

1. e4 e5 2. Nf3 Nc6 3. Bc4 Nf6 4. d3 Be7 5. a4 O-O 6. O-O d6 7. c3 h6 8. a5 a6 9. Re1 Be6 10. Bxe6 fxe6 11. Nbd2 Qe8 12. Qb3 Nd8 13. Nf1 Kh8 14. Ng3 c5 15. Bd2 Nh5 16. d4 exd4 17. cxd4 Nxg3 18. hxg3 cxd4 19. Nxd4 Qf7 20. Be3 d5 21. exd5 exd5 22. Rac1 Bf6 23. Red1 Bxd4 24. Bxd4 Nc6 25. Bb6 Rae8 26. Bc5 Rg8 27. Rxd5 Nxa5 28. Qd1 Nc6 29. Rd7 Re1+ 30. Qxe1 Qxd7 31. Rd1 Re8 32. Rxd7 Rxe1+ 33. Kh2 Ne5 34. Rxb7 Ng4+ 35. Kh3 Nf6 36. Kh2 Ng4+ 37. Kh3 Nf6 38. Kh2 Ng4+ 39. Kh3 Nf6 1/2-1/2

[Event "German Bundesliga 2023-24"]
[Site "Germany"]
[Date "2024.04.27"]
[Round "14.3"]
[White "Baidetskyi, Valentin"]
[Black "Thybo, Jesper Sondergaard"]
[Result "1/2-1/2"]
[WhiteElo "2471"]
[BlackElo "2522"]
[Annotator "RC"]
[PlyCount "61"]
[EventDate "2023.10.20"]
[EventType "team-tourn"]
[EventCountry "GER"]
[SourceTitle "playchess.com"]
[Source "ChessBase"]
[SourceQuality "1"]

1. e4 e5 2. Nf3 Nc6 3. Bc4 Bc5 4. c3 Nf6 5. d3 d6 6. Nbd2 O-O 7. h3 Bb6 8. Bb3 Ne7 9. Nc4 Be6 10. Bg5 Ng6 11. Nh4 Kh8 12. Nxb6 Bxb3 13. axb3 axb6 14. O-O Qe7 15. Nf5 Qe6 16. c4 Nd7 17. Qc2 f6 18. Be3 Ne7 19. Nxe7 Qxe7 20. d4 exd4 21. Bxd4 h6 22. f3 Qe6 23. Rfe1 Qg8 24. Ra3 Rfe8 25. Rea1 Rxa3 26. bxa3 Qe6 27. a4 Ra8 28. Qc3 Ne5 29. Qc2 Nc6 30. Bc3 Ne5 31. Bd4 1/2-1/2

[Event "German Bundesliga 2023-24"]
[Site "Germany"]
[Date "2024.04.27"]
[Round "14.4"]
[White "Anton Guijarro, David"]
[Black "Hracek, Zbynek"]
[Result "1/2-1/2"]
[WhiteElo "2653"]
[BlackElo "2549"]
[Annotator "TA"]
[PlyCount "48"]
[EventDate "2023.10.20"]
[EventType "team-tourn"]
[EventCountry "GER"]
[SourceTitle "playchess.com"]
[Source "ChessBase"]
[SourceQuality "1"]

1. e4 c5 2. Nf3 d6 3. c3 Nf6 4. Be2 g6 5. O-O Bg7 6. Bb5+ Nc6 7. d4 O-O 8. d5 Na5 9. Re1 e6 10. Bf1 exd5 11. exd5 b5 12. Bxb5 Bb7 13. h4 Nxd5 14. h5 Nc7 15. Ba4 Ne6 16. h6 Bh8 17. Nbd2 d5 18. Rb1 Bc6 19. Nf1 Bxa4 20. Qxa4 Nc4 21. Qc2 Rc8 22. b3 Nd6 23. Bb2 d4 24. cxd4 Nxd4 1/2-1/2

[Event "German Bundesliga 2023-24"]
[Site "Germany"]
[Date "2024.04.27"]
[Round "14.4"]
[White "Pajeken, Jakob Leon"]
[Black "Bromberger, Stefan"]
[Result "0-1"]
[WhiteElo "2426"]
[BlackElo "2476"]
[Annotator "RC"]
[PlyCount "92"]
[EventDate "2023.10.20"]
[EventType "team-tourn"]
[EventCountry "GER"]
[SourceTitle "playchess.com"]
[Source "ChessBase"]
[SourceQuality "1"]

1. d4 Nf6 2. Nf3 d5 3. c4 e6 4. e3 Be7 5. Nbd2 O-O 6. Be2 c5 7. cxd5 Nxd5 8. dxc5 Bxc5 9. O-O Nc6 10. Nb3 Be7 11. e4 Nf6 12. e5 Nd7 13. Bf4 g5 14. Bg3 g4 15. Nfd4 Ndxe5 16. Bxg4 f5 17. Bxe5 Nxe5 18. Be2 Qb6 19. Qd2 Bf6 20. Rfd1 Bd7 21. Rac1 Rac8 22. Rxc8 Bxc8 23. Rc1 Rd8 24. Qh6 Bg7 25. Qg5 Nf7 26. Qg3 Kf8 27. Qb8 Be5 28. Qxc8 Rxc8 29. Rxc8+ Ke7 30. Nb5 Bxb2 31. Rc7+ Kf6 32. a4 Be5 33. a5 Bxh2+ 34. Kxh2 Qxf2 35. Bf3 Qh4+ 36. Kg1 Qe1+ 37. Kh2 Qh4+ 38. Kg1 Qe1+ 39. Kh2 Qe5+ 40. Kg1 Qxb5 41. Rxb7 Qd3 42. Kf2 Ne5 43. Be2 Ng4+ 44. Ke1 Qg3+ 45. Kd2 Qxg2 46. Rxa7 f4 0-1

[Event "German Bundesliga 2023-24"]
[Site "Germany"]
[Date "2024.04.27"]
[Round "14.4"]
[White "Hoeffer, David"]
[Black "Krejci, Jan"]
[Result "0-1"]
[WhiteElo "2323"]
[BlackElo "2517"]
[Annotator "ChessBase"]
[PlyCount "88"]
[EventDate "2023.10.20"]
[EventType "team-tourn"]
[EventCountry "GER"]
[SourceTitle "playchess.com"]
[Source "ChessBase"]
[SourceQuality "1"]

1. d4 d5 2. Nc3 Nf6 3. Bf4 a6 4. e3 b5 5. h4 h6 6. Qf3 e6 7. g4 b4 8. Nb1 Ne4 9. Bd3 Bb7 10. Bxe4 dxe4 11. Qg3 c5 12. Bc7 Qc8 13. Ne2 cxd4 14. Nxd4 Nc6 15. Nxc6 Bxc6 16. Nd2 Bd5 17. Rc1 Qd7 18. b3 f6 19. f3 exf3 20. e4 Bb7 21. Bb6 Qb5 22. Qf2 Rc8 23. Rh3 Be7 24. Rxf3 O-O 25. c4 bxc3 26. Rfxc3 Rxc3 27. Rxc3 f5 28. a4 Qe8 29. Qg3 fxe4 30. Rc7 Bd5 31. Ke2 Bd8 32. Rc8 Bxh4 33. Rxe8 Bxg3 34. Rxf8+ Kxf8 35. b4 Bc6 36. Ke3 e5 37. Nxe4 Bf4+ 38. Kf3 g5 39. b5 axb5 40. axb5 Bb7 41. Bc7 Kf7 42. Bd8 Kg6 43. b6 h5 44. Bxg5 Bxg5 0-1

[Event "German Bundesliga 2023-24"]
[Site "Germany"]
[Date "2024.04.27"]
[Round "14.5"]
[White "Babula, Vlastimil"]
[Black "Kryvoruchko, Yuriy"]
[Result "1/2-1/2"]
[WhiteElo "2535"]
[BlackElo "2656"]
[Annotator "TA"]
[PlyCount "44"]
[EventDate "2023.10.20"]
[EventType "team-tourn"]
[EventCountry "GER"]
[SourceTitle "playchess.com"]
[Source "ChessBase"]
[SourceQuality "1"]

1. d4 Nf6 2. c4 e6 3. Nf3 d5 4. Nc3 Nbd7 5. Bg5 h6 6. Bh4 Be7 7. e3 O-O 8. Qc2 c5 9. cxd5 Nxd5 10. Bxe7 Qxe7 11. Nxd5 exd5 12. dxc5 Nxc5 13. Be2 Bg4 14. O-O Rac8 15. Rad1 Rfd8 16. Nd4 Ne6 17. Qd3 Bxe2 18. Qxe2 Rc4 19. Qg4 Nxd4 20. Rxd4 Qb4 21. Rfd1 Rxd4 22. Qxd4 Qxd4 1/2-1/2

[Event "German Bundesliga 2023-24"]
[Site "Germany"]
[Date "2024.04.27"]
[Round "14.5"]
[White "Polak, Tomas"]
[Black "Polster, Christian"]
[Result "1-0"]
[WhiteElo "2518"]
[BlackElo "2244"]
[Annotator "TA"]
[PlyCount "95"]
[EventDate "2023.10.20"]
[EventType "team-tourn"]
[EventCountry "GER"]
[SourceTitle "playchess.com"]
[Source "ChessBase"]
[SourceQuality "1"]

1. Nf3 Nf6 2. d4 e6 3. Bg5 h6 4. Bxf6 Qxf6 5. e4 d5 6. Nc3 Qd8 7. Bd3 Be7 8. O-O O-O 9. Re1 dxe4 10. Nxe4 Nd7 11. c4 b6 12. Bc2 Bb7 13. Qd3 g6 14. Ng3 Bf6 15. Rad1 Re8 16. Qe3 Bg7 17. Be4 Qc8 18. h4 e5 19. Bxb7 Qxb7 20. h5 Qc6 21. hxg6 fxg6 22. b3 Qf6 23. d5 Bf8 24. Ne4 Qf4 25. Qd3 Bb4 26. Re2 Kg7 27. d6 c6 28. Qc2 Rad8 29. Qb2 Nf6 30. Nxf6 Qxf6 31. d7 Re6 32. Rxe5 Bd6 33. Rxe6 Qxb2 34. Rexd6 c5 35. Re1 Qxa2 36. Re8 Qb1+ 37. Kh2 Qf5 38. Rd5 Qf4+ 39. Kh1 Qc1+ 40. Ng1 Qf4 41. g3 Qc7 42. Rxd8 Qxd8 43. Nf3 h5 44. Ne5 h4 45. Kg2 hxg3 46. fxg3 Kh7 47. Nc6 Qe7 48. Nxe7 1-0

[Event "German Bundesliga 2023-24"]
[Site "Germany"]
[Date "2024.04.27"]
[Round "14.5"]
[White "Kindermann, Stefan"]
[Black "Parvanyan, Ashot"]
[Result "1/2-1/2"]
[WhiteElo "2444"]
[BlackElo "2402"]
[Annotator "RC"]
[PlyCount "67"]
[EventDate "2023.10.20"]
[EventType "team-tourn"]
[EventCountry "GER"]
[SourceTitle "playchess.com"]
[Source "ChessBase"]
[SourceQuality "1"]

1. d4 Nf6 2. Nf3 g6 3. Bf4 Bg7 4. Nbd2 O-O 5. c3 d6 6. e4 Nc6 7. Be2 Ng4 8. Qb3 e5 9. Bg5 Qe8 10. h3 Nf6 11. dxe5 Nxe5 12. O-O Ned7 13. Qc2 Nc5 14. Rae1 Nfxe4 15. Bc4 Nxd2 16. Rxe8 Nxf3+ 17. gxf3 Rxe8 18. Kg2 c6 19. Qd2 d5 20. Bb3 Nxb3 21. axb3 Bf5 22. Re1 h5 23. Rxe8+ Rxe8 24. Be3 a6 25. Bd4 Re6 26. Bxg7 Kxg7 27. Qd4+ f6 28. Qb4 b5 29. Qa5 Kf7 30. Qxa6 Ke7 31. Qa7+ Ke8 32. Qb8+ Ke7 33. Qa7+ Ke8 34. Qb8+ 1/2-1/2

[Event "German Bundesliga 2023-24"]
[Site "Germany"]
[Date "2024.04.27"]
[Round "14.6"]
[White "Amin, Bassem"]
[Black "Grigorian, Spartak"]
[Result "1-0"]
[WhiteElo "2680"]
[BlackElo "2439"]
[Annotator "ChessBase"]
[PlyCount "69"]
[EventDate "2023.10.20"]
[EventType "team-tourn"]
[EventCountry "GER"]
[SourceTitle "playchess.com"]
[Source "ChessBase"]
[SourceQuality "1"]

1. Nf3 d5 2. g3 g6 3. c4 dxc4 4. Na3 Bg7 5. Nxc4 c5 6. Bg2 Nc6 7. d3 Nf6 8. Be3 Nd5 9. Bxc5 b6 10. Qa4 Bd7 11. Ng5 Ncb4 12. Qb3 bxc5 13. a3 O-O 14. axb4 e6 15. Ne4 cxb4 16. Ra5 Qc7 17. O-O Rfb8 18. Rfa1 Rb5 19. Ra6 Bc8 20. R6a2 a5 21. Ned6 Rc5 22. e3 Bd7 23. Ne4 Rb5 24. d4 Bf8 25. Nf6+ Kg7 26. Nxd7 Qxd7 27. Nxa5 Qc7 28. Nc4 Rc8 29. Ne5 Qc2 30. Qxc2 Rxc2 31. Bxd5 Rxd5 32. Ra7 Kg8 33. Rb7 f6 34. Ng4 Rf5 35. Ra8 1-0

[Event "German Bundesliga 2023-24"]
[Site "Germany"]
[Date "2024.04.27"]
[Round "14.6"]
[White "Arndt, Magnus"]
[Black "Hertneck, Gerald"]
[Result "1-0"]
[WhiteElo "2387"]
[BlackElo "2441"]
[Annotator "RC"]
[PlyCount "97"]
[EventDate "2023.10.20"]
[EventType "team-tourn"]
[EventCountry "GER"]
[SourceTitle "playchess.com"]
[Source "ChessBase"]
[SourceQuality "1"]

1. e4 e6 2. d4 d5 3. exd5 exd5 4. Nf3 Bd6 5. c4 c6 6. Nc3 Ne7 7. Bd3 dxc4 8. Bxc4 O-O 9. O-O Nd7 10. Bg5 Nb6 11. Bb3 Kh8 12. Bxe7 Qxe7 13. Re1 Qd8 14. Ne5 Bxe5 15. dxe5 Be6 16. Bxe6 fxe6 17. Ne4 Nd5 18. g3 Qb6 19. Qd2 Rf5 20. Kg2 Rxe5 21. Ng5 Rxe1 22. Rxe1 h6 23. Nxe6 Re8 24. Re4 Re7 25. Qe2 Kg8 26. h4 a5 27. a3 Nf6 28. Re5 Qb3 29. Nc5 Rxe5 30. Qxe5 Qf7 31. Ne6 Qe7 32. f4 Nd7 33. Qe2 Kf7 34. f5 Qf6 35. Qd2 Ke7 36. Qxa5 Qxb2+ 37. Kh3 Qb6 38. Qc3 Nf6 39. Qe5 Kf7 40. Qd6 Nh7 41. Qd7+ Kf6 42. Nf4 Qb3 43. Nh5+ Ke5 44. Qxg7+ Ke4 45. Qxh7 Qd1 46. f6+ Ke5 47. Qe7+ Kf5 48. Ng7+ Kg6 49. h5+ 1-0

[Event "German Bundesliga 2023-24"]
[Site "Germany"]
[Date "2024.04.27"]
[Round "14.6"]
[White "Gentemann, Moritz"]
[Black "Ferreira, Jorge Viterbo"]
[Result "0-1"]
[WhiteElo "2273"]
[BlackElo "2525"]
[Annotator "TA"]
[PlyCount "148"]
[EventDate "2023.10.20"]
[EventType "team-tourn"]
[EventCountry "GER"]
[SourceTitle "playchess.com"]
[Source "ChessBase"]
[SourceQuality "1"]

1. c4 g6 2. e4 Bg7 3. d4 d6 4. Nc3 Nf6 5. h3 O-O 6. Be3 Nc6 7. d5 Ne5 8. f4 Ned7 9. Nge2 c6 10. Ng3 cxd5 11. cxd5 Nc5 12. Be2 Qa5 13. O-O Bd7 14. e5 Ne8 15. Qd4 Na4 16. Nxa4 Bxa4 17. Rac1 Bb5 18. Bxb5 Qxb5 19. Ne4 Qd7 20. Nc3 Nc7 21. Qe4 Rfc8 22. a4 Qd8 23. Bd4 Ne8 24. Qd3 Qa5 25. Qb5 Qxb5 26. axb5 Rc4 27. Rcd1 Rb4 28. Rd2 Nc7 29. b6 axb6 30. Kf2 Ra5 31. Rc1 Nxd5 32. Nxd5 Rxd5 33. Rc8+ Bf8 34. Ke3 dxe5 35. Bxe5 Rxd2 36. Kxd2 f6 37. Kc3 Re4 38. Kd3 Rb4 39. Bd4 Rb3+ 40. Bc3 Rb5 41. Rc7 g5 42. Ke4 gxf4 43. Kxf4 Kf7 44. Rxb7 Bh6+ 45. Ke4 f5+ 46. Kd3 Rd5+ 47. Kc4 Rc5+ 48. Kd3 b5 49. Kd4 Rc4+ 50. Kd5 Re4 51. g4 Re3 52. gxf5 Bg5 53. Rxb5 Rxh3 54. Be5 Rd3+ 55. Ke4 Re3+ 56. Kd4 h5 57. Rb7 Re1 58. Kd5 h4 59. Rb3 Bf6 60. Bxf6 Kxf6 61. Rb6+ Kxf5 62. Rh6 Kg4 63. b4 Rb1 64. Kc5 e5 65. b5 e4 66. Kd4 Rxb5 67. Kxe4 Rg5 68. Ke3 Kg3 69. Ke2 h3 70. Kf1 h2 71. Rh8 Rg4 72. Rh7 Rf4+ 73. Ke2 Rh4 74. Rg7+ Kf4 0-1

[Event "German Bundesliga 2023-24"]
[Site "Germany"]
[Date "2024.04.27"]
[Round "14.7"]
[White "Winterberg, Lukas"]
[Black "Hoerstmann, Martin"]
[Result "0-1"]
[WhiteElo "2410"]
[BlackElo "2222"]
[Annotator "TA"]
[PlyCount "112"]
[EventDate "2023.10.20"]
[EventType "team-tourn"]
[EventCountry "GER"]
[SourceTitle "playchess.com"]
[Source "ChessBase"]
[SourceQuality "1"]

1. d4 g6 2. c4 Bg7 3. Nc3 d6 4. e4 Nf6 5. Nf3 O-O 6. Be2 e5 7. O-O exd4 8. Nxd4 Re8 9. f3 c6 10. Be3 d5 11. cxd5 Nxd5 12. Nxd5 cxd5 13. Qb3 Nc6 14. Rad1 Nxd4 15. Bxd4 Bxd4+ 16. Rxd4 Qf6 17. Rd2 Qf4 18. Qxd5 Be6 19. Qd6 Qe3+ 20. Rf2 Bxa2 21. Bf1 Red8 22. Qxd8+ Rxd8 23. Rxd8+ Kg7 24. g3 Be6 25. Rdd2 Qb3 26. Kg2 Qb4 27. Bd3 Kf6 28. f4 Bd7 29. Kg1 Qc5 30. Kg2 Qc8 31. h4 Qc1 32. e5+ Ke7 33. Be4 b5 34. Rc2 Qe3 35. Rfe2 Qd4 36. Bf3 Be6 37. Re4 Qd7 38. Re1 Qd4 39. Rd1 Qe3 40. Rc3 Qb6 41. Rd6 Qa5 42. h5 gxh5 43. Bxh5 Qa1 44. Rd2 Bc4 45. Bd1 a5 46. f5 Qa2 47. Ra3 Qb1 48. f6+ Ke6 49. Re3 h5 50. Bxh5 Kf5 51. Rf2+ Kg5 52. Bxf7 Bxf7 53. e6 Be8 54. f7 Bc6+ 55. Ref3 Qf5 56. e7 Qxf7 0-1

[Event "German Bundesliga 2023-24"]
[Site "Germany"]
[Date "2024.04.27"]
[Round "14.7"]
[White "Reuker, Jari"]
[Black "Meier, Georg"]
[Result "1/2-1/2"]
[WhiteElo "2403"]
[BlackElo "2628"]
[Annotator "TA"]
[PlyCount "103"]
[EventDate "2023.10.20"]
[EventType "team-tourn"]
[EventCountry "GER"]
[SourceTitle "playchess.com"]
[Source "ChessBase"]
[SourceQuality "1"]

1. d4 Nf6 2. c4 e6 3. g3 d5 4. Nf3 Be7 5. Bg2 O-O 6. O-O c6 7. Qc2 b6 8. Nbd2 Bb7 9. e4 Na6 10. a3 c5 11. cxd5 exd5 12. e5 Nd7 13. Re1 Nc7 14. Nf1 Ne6 15. Ne3 g6 16. dxc5 bxc5 17. Bd2 Re8 18. Rad1 h5 19. b4 Rc8 20. bxc5 Bxc5 21. Qa2 Nb6 22. Ba5 Qe7 23. Bxb6 Bxb6 24. Nxd5 Bxd5 25. Rxd5 Rc3 26. a4 Qa3 27. Qxa3 Rxa3 28. Nd2 Rxa4 29. Ne4 Kg7 30. Nd6 Rb8 31. Red1 Nd4 32. Bf1 Ne6 33. Kg2 Ra2 34. R5d2 Rxd2 35. Rxd2 Bd4 36. Nc4 g5 37. Bd3 Rb5 38. Bf5 Bxe5 39. Bxe6 fxe6 40. Rd7+ Kf6 41. Rxa7 Rb4 42. Ne3 Bd4 43. Nc2 Bxa7 44. Nxb4 Kf5 45. Kf3 e5 46. h3 e4+ 47. Ke2 Bc5 48. Nc2 Ke5 49. Ne1 Bb4 50. Ng2 Be7 51. Ne3 Bc5 52. Ng2 1/2-1/2

[Event "German Bundesliga 2023-24"]
[Site "Germany"]
[Date "2024.04.27"]
[Round "14.7"]
[White "Zysk, Robert"]
[Black "Kopylov, Daniel"]
[Result "0-1"]
[WhiteElo "2388"]
[BlackElo "2311"]
[Annotator "RC"]
[PlyCount "60"]
[EventDate "2023.10.20"]
[EventType "team-tourn"]
[EventCountry "GER"]
[SourceTitle "playchess.com"]
[Source "ChessBase"]
[SourceQuality "1"]

1. Nf3 c5 2. g3 g6 3. c4 Bg7 4. Bg2 Nc6 5. Nc3 e6 6. d4 cxd4 7. Nb5 d5 8. cxd5 exd5 9. O-O Nge7 10. Nbxd4 O-O 11. Be3 Re8 12. Qd2 Nf5 13. Nxf5 Bxf5 14. Rad1 d4 15. Bh6 Bh8 16. Rfe1 Qb6 17. b3 Rac8 18. Rc1 Nb4 19. Ng5 Bg7 20. Bxg7 Kxg7 21. Rxc8 Rxc8 22. Nf3 d3 23. Nh4 Be6 24. Rc1 Rc2 25. Rxc2 dxc2 26. Be4 Qc5 27. Qc1 Qd4 28. Bxc2 Qc3 29. Qa3 Nxc2 30. Qxa7 Bh3 0-1

[Event "German Bundesliga 2023-24"]
[Site "Germany"]
[Date "2024.04.27"]
[Round "14.8"]
[White "Wagner, Dennis"]
[Black "Colbow, Collin"]
[Result "1/2-1/2"]
[WhiteElo "2599"]
[BlackElo "2385"]
[Annotator "ChessBase"]
[PlyCount "70"]
[EventDate "2023.10.20"]
[EventType "team-tourn"]
[EventCountry "GER"]
[SourceTitle "playchess.com"]
[Source "ChessBase"]
[SourceQuality "1"]

1. d4 Nf6 2. c4 e6 3. Nf3 d5 4. Nc3 Be7 5. cxd5 exd5 6. Bf4 c6 7. h3 O-O 8. e3 Bf5 9. g4 Be4 10. g5 Ne8 11. Rg1 Bd6 12. Ne5 Nd7 13. Qg4 Nxe5 14. Bxe5 Bb4 15. Rc1 Qe7 16. a3 Bxc3+ 17. Rxc3 f6 18. gxf6 Nxf6 19. Qg5 Rf7 20. Be2 Qf8 21. h4 Kh8 22. f3 h6 23. Qg3 Bh7 24. Kd2 Qe7 25. Rg2 Re8 26. Bd3 Bxd3 27. Rxd3 Nd7 28. Bf4 c5 29. dxc5 Nxc5 30. Bd6 Qf6 31. Bxc5 Qxb2+ 32. Kd1 Qb1+ 33. Kd2 Qb2+ 34. Kd1 Qb1+ 35. Kd2 Qb2+ 1/2-1/2